[Event "Ct. Lleida indiv. Absolut"]
[Site "Tornabous"]
[Date "2014.11.23"]
[Round "8"]
[White "Verdes Nadal, R."]
[Black "Trepat Herranz, J."]
[Result "0-1"]
[WhiteElo "2172"]
[BlackElo "2419"]
[PlyCount "132"]
[EventDate "2014.??.??"]
[EventType "swiss"]
[EventRounds "9"]
[EventCountry "ESP"]

1. Nf3 c5 2. c4 Nc6 3. Nc3 g6 4. g3 Bg7 5. Bg2 e6 6. d3 Nge7 7. Be3 d6 8. Bg5
h6 9. Bxe7 Qxe7 10. O-O O-O 11. Qd2 a6 12. e3 Rb8 13. d4 b5 14. dxc5 dxc5 15.
cxb5 axb5 16. Rac1 Rd8 17. Qe2 c4 18. Rfd1 Ba6 19. Rxd8+ Rxd8 20. a3 b4 21.
axb4 Nxb4 22. Ra1 Qd6 23. Bf1 Nd3 24. Ne1 Nc5 25. Rd1 Qb8 26. Rxd8+ Qxd8 27.
Qd1 Qc7 28. h4 Be5 29. Bg2 Qb6 30. Qd2 Kg7 31. Nf3 Bf6 32. g4 Nd3 33. g5 hxg5
34. hxg5 Be7 35. Nd1 Qb5 36. Qc3+ Kg8 37. Bf1 Bb7 38. Bg2 Bxf3 39. Bxf3 Qxg5+
40. Kf1 Ne5 41. Be2 Qh4 42. Ke1 Bf6 43. Qb4 Kg7 44. Kd2 Qe4 45. Nc3 Qg2 46. Nd1
Qd5+ 47. Kc2 g5 48. Qd2 Qe4+ 49. Kc1 g4 50. Nc3 Qh1+ 51. Qd1 Qg2 52. Qf1 Qa8
53. Bxc4 Qc6 54. Be2 Ng6 55. Kc2 Bxc3 56. bxc3 f5 57. Bb5 Qe4+ 58. Qd3 Qf3 59.
Qe2 Qd5 60. Bc4 Qc6 61. Bb5 Qg2 62. Qf1 Qh2 63. Bc4 g3 64. Qd3 Qxf2+ 65. Kb3 g2
66. Qd7+ Kh6 0-1

[Event "Ct. Lleida indiv. Absolut"]
[Site "Tornabous"]
[Date "2014.11.30"]
[Round "9"]
[White "Arnillas Moles, J."]
[Black "Sanuy Moncasi, A."]
[Result "1-0"]
[WhiteElo "2041"]
[BlackElo "2071"]
[PlyCount "87"]
[EventDate "2014.??.??"]
[EventType "swiss"]
[EventRounds "9"]
[EventCountry "ESP"]

1. e4 d6 2. Nc3 c6 3. Bc4 Nf6 4. d3 g6 5. Bb3 Bg7 6. f4 Bg4 7. Nf3 Nbd7 8. O-O
Nc5 9. Be3 O-O 10. h3 Bxf3 11. Qxf3 Nxb3 12. axb3 a6 13. Na4 Nd7 14. d4 f5 15.
e5 d5 16. c4 Nb6 17. Nc5 Qc8 18. Rfc1 e6 19. Bd2 Re8 20. Ba5 Nd7 21. Nxe6 Nxe5
22. dxe5 Qxe6 23. cxd5 cxd5 24. Rc7 Rab8 25. Rac1 Bf8 26. b4 Red8 27. Qd3 Rd7
28. Rc8 Rxc8 29. Rxc8 Kf7 30. Qd4 Be7 31. Kh2 g5 32. g3 h6 33. Bb6 gxf4 34.
gxf4 Qg6 35. Bc5 Bh4 36. e6+ Qxe6 37. Rf8+ Kg6 38. Qg1+ Kh7 39. Qd1 Rg7 40. Qd3
Bg3+ 41. Kh1 Qe4+ 42. Qxe4 fxe4 43. Bd4 Bxf4 44. Bxg7 1-0

[Event "Ct. Lleida indiv. Absolut"]
[Site "Tornabous"]
[Date "2014.11.30"]
[Round "9"]
[White "Campos Olaya, I."]
[Black "Barbero Sendic, A."]
[Result "0-1"]
[WhiteElo "2333"]
[BlackElo "2415"]
[PlyCount "68"]
[EventDate "2014.??.??"]
[EventType "swiss"]
[EventRounds "9"]
[EventCountry "ESP"]

1. e4 e5 2. Nf3 Nc6 3. d4 exd4 4. c3 d5 5. exd5 Qxd5 6. cxd4 Bg4 7. Be2 Bb4+ 8.
Nc3 Bxf3 9. Bxf3 Qc4 10. Bxc6+ bxc6 11. Qe2+ Qxe2+ 12. Kxe2 O-O-O 13. Rd1 Ne7
14. Be3 Rhe8 15. Rd3 Nf5 16. Rad1 Ba5 17. g4 Nd6 18. Kf1 Bb6 19. b4 f5 20. h3
fxg4 21. hxg4 Nc4 22. Bc1 Rf8 23. Kg2 Rd7 24. Na4 Re7 25. Rf3 Rxf3 26. Kxf3 Rd7
27. Ke4 Nd6+ 28. Kf4 Nb5 29. Nxb6+ cxb6 30. Bb2 Nc7 31. a3 Nd5+ 32. Kg5 Rf7 33.
Rd2 Rf3 34. Re2 h6+ 0-1

[Event "Ct. Lleida indiv. Absolut"]
[Site "Tornabous"]
[Date "2014.11.30"]
[Round "9"]
[White "Cortiella Valles, R."]
[Black "Llavall Sans, D."]
[Result "1/2-1/2"]
[WhiteElo "2079"]
[BlackElo "2257"]
[PlyCount "35"]
[EventDate "2014.??.??"]
[EventType "swiss"]
[EventRounds "9"]
[EventCountry "ESP"]

1. e4 c5 2. Nc3 a6 3. g3 b5 4. Bg2 Bb7 5. d3 e6 6. f4 Nf6 7. Nf3 d6 8. h3 h5 9.
Be3 Qc7 10. Qd2 Nbd7 11. Ng5 Nb6 12. Ne2 d5 13. c3 dxe4 14. dxe4 Nc4 15. Qc1
Rd8 16. b3 Nxe3 17. Qxe3 g6 18. O-O 1/2-1/2

[Event "Ct. Lleida indiv. Absolut"]
[Site "Tornabous"]
[Date "2014.11.30"]
[Round "9"]
[White "Farre Selma, D."]
[Black "Verdes Nadal, R."]
[Result "0-1"]
[WhiteElo "2053"]
[BlackElo "2172"]
[PlyCount "140"]
[EventDate "2014.??.??"]
[EventType "swiss"]
[EventRounds "9"]
[EventCountry "ESP"]

1. e4 Nf6 2. Bc4 c6 3. Nc3 d5 4. exd5 cxd5 5. Bb5+ Bd7 6. Qe2 Bxb5 7. Qxb5+ Qd7
8. d4 a6 9. Qe2 e6 10. Nf3 Nc6 11. Ne5 Qc7 12. Nxc6 Qxc6 13. O-O Rc8 14. Bg5
Be7 15. f4 Qc4 16. Qd2 Ne4 17. Nxe4 dxe4 18. Bxe7 Kxe7 19. c3 f5 20. Qe3 b5 21.
Rfc1 g6 22. Kf2 Rc7 23. Qe2 Qxe2+ 24. Kxe2 Rhc8 25. Rc2 Rc4 26. Rac1 Kd6 27. b3
R4c6 28. c4 bxc4 29. Rxc4 Kd5 30. Rxc6 Rxc6 31. Rxc6 Kxc6 32. Ke3 Kd5 33. h3 h6
34. h4 Kc6 35. Kd2 Kd6 36. Ke2 a5 37. a3 Kd5 38. Ke3 a4 39. b4 Kc4 40. g4 h5
41. g5 Kd5 42. b5 Kd6 43. Kd2 Kc7 44. Kc3 Kb6 45. Kc4 e3 46. Kd3 Kxb5 47. Ke2
Kc4 48. Kxe3 Kc3 49. Ke2 Kxd4 50. Kd2 e5 51. fxe5 Kxe5 52. Ke3 Kd5 53. Kf4 Kd4
54. Kf3 Kc3 55. Kf4 Kb3 56. Ke5 Kxa3 57. Kf6 Kb4 58. Kxg6 a3 59. Kh7 a2 60. g6
a1=Q 61. g7 Qa7 62. Kh8 Qd4 63. Kh7 Qd7 64. Kh8 Qd8+ 65. Kh7 f4 66. g8=Q Qxg8+
67. Kxg8 f3 68. Kh7 f2 69. Kh6 f1=Q 70. Kxh5 Qf6 0-1

[Event "Ct. Lleida indiv. Absolut"]
[Site "Tornabous"]
[Date "2014.11.30"]
[Round "9"]
[White "Herreros Angrill, J."]
[Black "Alba Tarradelles, J."]
[Result "1-0"]
[WhiteElo "1926"]
[BlackElo "2019"]
[PlyCount "69"]
[EventDate "2014.??.??"]
[EventType "swiss"]
[EventRounds "9"]
[EventCountry "ESP"]

1. e4 e6 2. Nf3 d5 3. exd5 exd5 4. g3 Bg4 5. Qe2+ Qe7 6. Qxe7+ Nxe7 7. Bg2 Nd7
8. O-O O-O-O 9. d4 f6 10. b4 Nf5 11. c3 Nb6 12. a4 g5 13. a5 Nc4 14. Nbd2 Nfd6
15. Re1 h5 16. Nxc4 Nxc4 17. Nxg5 fxg5 18. Bxg5 Rd6 19. Re8+ Kd7 20. Rae1 Be6
21. Rd8+ Kc6 22. Rxe6 Rh7 23. Bf4 Be7 24. Bxd6 Bxd8 25. Bc5+ Nd6 26. Bxa7 Re7
27. Rxe7 Bxe7 28. Bc5 Bf6 29. Bxd6 Kxd6 30. Bf1 c6 31. h4 Bg7 32. Be2 Ke6 33.
Bxh5 Kf5 34. Kf1 Ke4 35. Ke2 1-0

[Event "Ct. Lleida indiv. Absolut"]
[Site "Tornabous"]
[Date "2014.11.30"]
[Round "9"]
[White "Monfa Sole, R."]
[Black "Rodriguez Moles, J."]
[Result "1-0"]
[WhiteElo "2160"]
[BlackElo "2029"]
[PlyCount "89"]
[EventDate "2014.??.??"]
[EventType "swiss"]
[EventRounds "9"]
[EventCountry "ESP"]

1. d3 e5 2. a3 a5 3. c4 Bc5 4. Nf3 Nc6 5. g3 d6 6. Bg2 f5 7. e3 Qf6 8. Nc3 Nge7
9. Qb3 Rb8 10. Nb5 Bb6 11. O-O Nd8 12. Bd2 Nf7 13. Bc3 O-O 14. a4 Kh8 15. Qc2
c6 16. Na3 Ng5 17. Qd2 Nxf3+ 18. Bxf3 Ra8 19. Bg2 Qh6 20. d4 f4 21. exf4 exf4
22. Qe2 Ng6 23. c5 Bh3 24. f3 dxc5 25. Nc4 Ba7 26. Qf2 Rad8 27. Rad1 Rd5 28.
Bxa5 cxd4 29. Bb6 Bb8 30. Rxd4 Rdf5 31. g4 Bxg2 32. Qxg2 Rg5 33. Kh1 c5 34. Rd7
Nh4 35. Qh3 Be5 36. Bd8 Bf6 37. Nd6 Kg8 38. Bxf6 gxf6 39. Rd1 f5 40. gxf5 b6
41. Ne4 Rh5 42. Qg4+ Kh8 43. R1d2 Nxf5 44. Rd8 Rh4 45. Qxf5 1-0

[Event "Ct. Lleida indiv. Absolut"]
[Site "Tornabous"]
[Date "2014.11.30"]
[Round "9"]
[White "Montoliu Daroca, I."]
[Black "Farre Regada, J."]
[Result "1-0"]
[WhiteElo "1961"]
[BlackElo "2053"]
[PlyCount "47"]
[EventDate "2014.??.??"]
[EventType "swiss"]
[EventRounds "9"]
[EventCountry "ESP"]

1. c4 e5 2. Nc3 Nf6 3. g3 c6 4. Bg2 d5 5. cxd5 cxd5 6. Qb3 Nc6 7. Nxd5 Nd4 8.
Nxf6+ Qxf6 9. Qd1 Bf5 10. d3 Qa6 11. Nf3 Bb4+ 12. Bd2 Bxd2+ 13. Qxd2 Nb3 14.
Qd1 Nxa1 15. Qxa1 Qa5+ 16. Nd2 O-O 17. a3 Rac8 18. b4 Qc7 19. O-O Qc2 20. Rd1
Rc3 21. Nc4 b5 22. Ne3 Qb3 23. Nxf5 Rfc8 24. Ne7+ 1-0

[Event "Ct. Lleida indiv. Absolut"]
[Site "Tornabous"]
[Date "2014.11.30"]
[Round "9"]
[White "Palau Cabases, A."]
[Black "Fabrega Ramon, S."]
[Result "1-0"]
[WhiteElo "2157"]
[BlackElo "2057"]
[PlyCount "37"]
[EventDate "2014.??.??"]
[EventType "swiss"]
[EventRounds "9"]
[EventCountry "ESP"]

1. e4 c5 2. Nc3 Nc6 3. f4 d6 4. Nf3 g6 5. Bc4 Bg7 6. O-O Nf6 7. d3 O-O 8. Qe1
e6 9. f5 exf5 10. Bg5 h6 11. Qh4 hxg5 12. Nxg5 Ne5 13. Nd5 Neg4 14. exf5 gxf5
15. Rae1 Be6 16. Rxe6 fxe6 17. Nxe6 Qd7 18. Nxc5 Qf7 19. Ne7# 1-0

[Event "Ct. Lleida indiv. Absolut"]
[Site "Tornabous"]
[Date "2014.11.30"]
[Round "9"]
[White "Pera Lucas, E."]
[Black "Balcells Soriguera, M."]
[Result "0-1"]
[WhiteElo "2044"]
[BlackElo "2067"]
[PlyCount "115"]
[EventDate "2014.??.??"]
[EventType "swiss"]
[EventRounds "9"]
[EventCountry "ESP"]

1. e4 c5 2. Nf3 a6 3. Be2 Nc6 4. d4 cxd4 5. Nxd4 Qc7 6. Nxc6 dxc6 7. Be3 Nf6 8.
f3 e6 9. Nc3 b5 10. Qd2 Bb7 11. O-O Be7 12. Qe1 c5 13. Rd1 O-O 14. Qf2 Rac8 15.
Rfe1 Bd6 16. Qh4 Be5 17. f4 Bxc3 18. bxc3 Bxe4 19. Bd3 Bxd3 20. cxd3 Nd5 21.
Bd2 Qd8 22. Qg3 Qf6 23. Re5 Rfe8 24. Rde1 Ne7 25. Qf2 c4 26. d4 Nc6 27. Rc5 Ne7
28. Rce5 Qg6 29. h3 Qd3 30. R1e3 Qb1+ 31. Be1 Ng6 32. R5e4 b4 33. cxb4 c3 34.
Kh2 c2 35. Bd2 c1=Q 36. Bxc1 Qxc1 37. f5 Nf8 38. f6 gxf6 39. Qxf6 Rc3 40. Qg5+
Ng6 41. h4 Rxe3 42. Rxe3 Qc7+ 43. Rg3 h5 44. Qxh5 Kf8 45. Qg4 Qf4 46. Qxf4 Nxf4
47. Ra3 Nd5 48. Rxa6 Nxb4 49. Ra4 Nc6 50. g4 Rd8 51. h5 Rxd4 52. Rxd4 Nxd4 53.
Kg3 Kg7 54. Kf4 f6 55. a4 Nc6 56. Ke4 Kf7 57. Kf4 Na5 58. Ke4 0-1

[Event "Ct. Lleida indiv. Absolut"]
[Site "Tornabous"]
[Date "2014.11.30"]
[Round "9"]
[White "Ramon Solans, A."]
[Black "Gensana Berzunces, J."]
[Result "1/2-1/2"]
[WhiteElo "2400"]
[BlackElo "2042"]
[PlyCount "129"]
[EventDate "2014.??.??"]
[EventType "swiss"]
[EventRounds "9"]
[EventCountry "ESP"]

1. d4 Nf6 2. c4 e6 3. Nc3 Bb4 4. Qc2 b6 5. Nf3 Bb7 6. a3 Bxc3+ 7. Qxc3 Ne4 8.
Qc2 f5 9. g3 d6 10. Bg2 c6 11. O-O O-O 12. Nd2 Nxd2 13. Bxd2 Qe7 14. e4 c5 15.
d5 exd5 16. exd5 Bc8 17. Rfe1 Qf7 18. Re2 a6 19. Rae1 Ra7 20. Bf4 Qf6 21. Bd2
Raf7 22. Bc3 Qd8 23. f4 Nd7 24. Bf3 Nf6 25. b4 Bd7 26. bxc5 bxc5 27. Qd3 Re8
28. Rxe8+ Nxe8 29. Qd2 Bc8 30. Ba5 Qd7 31. Qd3 Re7 32. Re6 Nc7 33. Re2 Rxe2 34.
Qxe2 Ne8 35. Bc3 Kf7 36. Bh5+ g6 37. Bf3 Qe7 38. Qd2 Nf6 39. Ba1 Bd7 40. Kg2
Ne8 41. h3 h5 42. Bb2 Qd8 43. Qd1 Qe7 44. Qb3 Qe1 45. Bc3 Qe3 46. Qb2 Qe7 47.
Bh8 Qe3 48. Qb7 Qd2+ 49. Kg1 Qe1+ 50. Kh2 Ke7 51. h4 Qe3 52. Bg2 Qxa3 53. Qb1
Qb4 54. Qd3 a5 55. Bc3 Qb6 56. Qe3+ Kf7 57. Ba1 Qd8 58. Qc3 Nf6 59. Bf3 a4 60.
Kg2 Qe7 61. Kf2 Be8 62. Qb2 Bd7 63. Kg2 Be8 64. Qb8 Bd7 65. Qb2 1/2-1/2

[Event "Ct. Lleida indiv. Absolut"]
[Site "Tornabous"]
[Date "2014.11.30"]
[Round "9"]
[White "Solani Nuñez, J."]
[Black "Argerich Farras, J."]
[Result "1-0"]
[WhiteElo "2183"]
[BlackElo "2171"]
[PlyCount "61"]
[EventDate "2014.??.??"]
[EventType "swiss"]
[EventRounds "9"]
[EventCountry "ESP"]

1. d4 d5 2. c4 Nc6 3. Nf3 Bg4 4. e3 e5 5. dxe5 dxc4 6. Nbd2 Nxe5 7. Qa4+ Bd7 8.
Qc2 Nd3+ 9. Bxd3 cxd3 10. Qxd3 Bc6 11. Qc3 Qf6 12. O-O Qxc3 13. bxc3 O-O-O 14.
Nd4 Be8 15. Ne4 h6 16. h3 a6 17. a4 b6 18. a5 c5 19. Ba3 Nf6 20. Nxf6 gxf6 21.
Nf5 Bd7 22. Ng3 Bb5 23. Rfb1 Bd6 24. axb6 Be5 25. Bxc5 Bxc3 26. Ra3 Be5 27. f4
Bb8 28. Be7 Rd2 29. Ne4 Rd7 30. Rc3+ Bc7 31. Nd6+ 1-0

[Event "Ct. Lleida indiv. Absolut"]
[Site "Tornabous"]
[Date "2014.11.30"]
[Round "9"]
[White "Sole Gonzalez, E."]
[Black "Arno Bendicho, A."]
[Result "1/2-1/2"]
[WhiteElo "2025"]
[BlackElo "2123"]
[PlyCount "87"]
[EventDate "2014.??.??"]
[EventType "swiss"]
[EventRounds "9"]
[EventCountry "ESP"]

1. d4 Nf6 2. c4 e6 3. Nf3 Bb4+ 4. Bd2 Bxd2+ 5. Qxd2 O-O 6. e3 b6 7. Be2 Bb7 8.
Nc3 d6 9. O-O Nbd7 10. Rfe1 Ne4 11. Qc2 f5 12. Nd2 Nxd2 13. Qxd2 Qg5 14. Bf1
Nf6 15. f4 Qg6 16. g3 Be4 17. Bg2 h5 18. Bxe4 fxe4 19. Qg2 d5 20. cxd5 exd5 21.
Qh3 c5 22. Qe6+ Qf7 23. Qxf7+ Rxf7 24. Rad1 Rd7 25. h3 Rb8 26. Rd2 Kf7 27. Red1
c4 28. Rc2 b5 29. Rdc1 Rd6 30. b3 Ke6 31. bxc4 bxc4 32. Kf2 Rdb6 33. Ke2 Rb4
34. Kd2 Nd7 35. Rh1 Rh8 36. Rb1 Rxb1 37. Nxb1 Rb8 38. Kc1 Rg8 39. Nc3 a6 40.
Rh2 Kd6 41. g4 Rh8 42. g5 g6 43. Rb2 Rb8 44. Ne2 1/2-1/2

[Event "Ct. Lleida indiv. Absolut"]
[Site "Tornabous"]
[Date "2014.11.30"]
[Round "9"]
[White "Sole Pijuan, F."]
[Black "Rodon Balcells, J."]
[Result "1/2-1/2"]
[WhiteElo "2015"]
[BlackElo "1937"]
[PlyCount "149"]
[EventDate "2014.??.??"]
[EventType "swiss"]
[EventRounds "9"]
[EventCountry "ESP"]

1. d4 Nf6 2. c4 d5 3. cxd5 g6 4. Nc3 Nxd5 5. Bd2 Bg7 6. e4 Nxc3 7. Bxc3 c5 8.
d5 Bxc3+ 9. bxc3 Qa5 10. Qb3 Bd7 11. Rb1 O-O 12. Nf3 Ba4 13. Qb2 Nd7 14. Be2
Nf6 15. Nd2 b5 16. O-O c4 17. Qb4 Qxb4 18. Rxb4 a5 19. Rbb1 Rab8 20. Bf3 Rfd8
21. e5 Nxd5 22. Bxd5 Rxd5 23. Nxc4 Rbd8 24. Nb6 Rxe5 25. Nxa4 bxa4 26. g3 Rd2
27. Rbe1 Ree2 28. Rxe2 Rxe2 29. Rd1 Rxa2 30. Rd5 f5 31. Rxa5 Kf7 32. Ra6 a3 33.
c4 h5 34. Kg2 Ra1 35. c5 a2 36. c6 Ke6 37. c7+ Kd7 38. Ra7 e5 39. h4 e4 40. Kh2
Kc8 41. Kg2 Rc1 42. Rxa2 Kxc7 43. Ra7+ Kb6 44. Re7 Rc6 45. Rd7 Kc5 46. Rd2 Ra6
47. Rd8 Kc4 48. Rd2 Kc3 49. Re2 Kd3 50. Rb2 Rc6 51. Ra2 Rd6 52. Rb2 Kd4 53.
Rd2+ Ke5 54. Ra2 Rd5 55. Rb2 f4 56. gxf4+ Kxf4 57. Rb3 Rd6 58. Rb4 Re6 59. Ra4
Rd6 60. Rb4 Rd2 61. Ra4 Rd5 62. Ra3 Rd4 63. Rg3 Rd6 64. Ra3 Kg4 65. Ra4 Re6 66.
f3+ Kf4 67. Rb4 Ke3 68. Rb3+ Kd2 69. fxe4 Rxe4 70. Rg3 Re6 71. Kf2 Re2+ 72. Kg1
Re6 73. Kf2 Rf6+ 74. Rf3 Re6 75. Rg3 1/2-1/2

[Event "Ct. Lleida indiv. Absolut"]
[Site "Tornabous"]
[Date "2014.11.30"]
[Round "9"]
[White "Subarroca Blanch, F."]
[Black "Biosca Lacasa, J."]
[Result "1/2-1/2"]
[WhiteElo "1951"]
[BlackElo "2048"]
[PlyCount "124"]
[EventDate "2014.??.??"]
[EventType "swiss"]
[EventRounds "9"]
[EventCountry "ESP"]

1. e4 d5 2. exd5 Qxd5 3. Nc3 Qd6 4. d4 c6 5. g3 Nf6 6. Nf3 Bf5 7. Bg2 e6 8. O-O
Be7 9. Re1 Nbd7 10. a3 Nb6 11. Bf4 Qd8 12. Qe2 O-O 13. h3 Nbd5 14. Nxd5 Nxd5
15. Bc1 Bd6 16. c4 Nf6 17. b4 Rc8 18. Bb2 a5 19. c5 Bc7 20. b5 cxb5 21. Qxb5
Be4 22. Rac1 Bc6 23. Qb3 Bd5 24. Qd3 Qe7 25. Nh4 Rfd8 26. Qe3 Bxg2 27. Kxg2 Nd5
28. Qf3 Qg5 29. Qg4 Qh6 30. Nf3 Nf6 31. Qg5 Qxg5 32. Nxg5 Rd5 33. Nf3 Rb8 34.
Ne5 Bxe5 35. Rxe5 Rxe5 36. dxe5 Nd7 37. f4 Kf8 38. Bd4 Rc8 39. Kf3 Ke8 40. Ke4
Kd8 41. Kd3 Kc7 42. Be3 Kc6 43. a4 Rd8 44. Kc4 Nb8 45. Rb1 Kc7 46. Rb2 Rd1 47.
Rd2 Ra1 48. Kb3 Nc6 49. Bd4 Rf1 50. Kc4 Rb1 51. Bc3 Rg1 52. Rd3 Rb1 53. Bd2 Rb2
54. Bc3 Rb1 55. Bd2 Nb4 56. Rb3 Rg1 57. Bxb4 axb4 58. Kxb4 Kc6 59. Rd3 Rb1+ 60.
Kc4 Rc1+ 61. Kb4 Rb1+ 62. Kc4 Rc1+ 1/2-1/2

[Event "Ct. Lleida indiv. Absolut"]
[Site "Tornabous"]
[Date "2014.11.30"]
[Round "9"]
[White "Trepat Herranz, J."]
[Black "Monell Camarasa, D."]
[Result "1-0"]
[WhiteElo "2419"]
[BlackElo "2340"]
[PlyCount "107"]
[EventDate "2014.??.??"]
[EventType "swiss"]
[EventRounds "9"]
[EventCountry "ESP"]

1. e4 c5 2. Nf3 Nc6 3. Bb5 a6 4. Bxc6 dxc6 5. d3 Nf6 6. Be3 c4 7. O-O cxd3 8.
cxd3 e6 9. Qc2 Be7 10. d4 O-O 11. Nbd2 Qc7 12. h3 b6 13. Rac1 Bb7 14. Bg5 h6
15. Bh4 Rac8 16. Qb1 Rfd8 17. b4 c5 18. bxc5 bxc5 19. dxc5 g5 20. Bg3 Qc6 21.
Bd6 Bf8 22. Nd4 Qd7 23. e5 Ne8 24. Nc4 Rxc5 25. Nb6 Rb5 26. Nxb5 Qxb5 27. Qxb5
axb5 28. Bxf8 Kxf8 29. Rfd1 Ke7 30. a3 Ba6 31. Rxd8 Kxd8 32. Rd1+ Kc7 33. Nd7
Bb7 34. Nc5 Bd5 35. Rd4 Kc6 36. Nd3 Nc7 37. f4 gxf4 38. Rxf4 Bc4 39. Nb4+ Kc5
40. Rxf7 Nd5 41. Nxd5 Kxd5 42. Rh7 Kxe5 43. Rxh6 Kf4 44. Kf2 Kg5 45. Rh8 Kf5
46. Ke3 Kg5 47. g4 Bf1 48. Rh5+ Kg6 49. h4 Bc4 50. Kf4 Be2 51. Rc5 Kf6 52. h5
e5+ 53. Rxe5 Bxg4 54. Rxb5 1-0

[Event "Lliga Catalana eq. DH"]
[Site "?"]
[Date "2014.03.29"]
[Round "?"]
[White "Alexandrova, O."]
[Black "Rodriguez Cespedes, A."]
[Result "1/2-1/2"]
[WhiteElo "2448"]
[BlackElo "2476"]
[PlyCount "109"]
[EventDate "2014.??.??"]
[EventType "team"]
[EventCountry "ESP"]

1. d4 Nf6 2. c4 e6 3. Nc3 Bb4 4. e3 O-O 5. Bd3 c5 6. Nge2 d5 7. cxd5 cxd4 8.
exd4 Nxd5 9. O-O Nc6 10. Nxd5 exd5 11. Nf4 g6 12. Be3 Bd6 13. Qf3 Be6 14. Nxe6
fxe6 15. Qg4 Qf6 16. Bg5 Qf7 17. Rad1 e5 18. dxe5 Nxe5 19. Qd4 Nc6 20. Qh4 Be7
21. Bc2 Rad8 22. Bb3 Rd7 23. Rxd5 Rxd5 24. Bxd5 Qxd5 25. Bxe7 Re8 26. Bf6 Qxa2
27. b4 a6 28. Ba1 Qf7 29. Qg3 h5 30. Qc3 Kh7 31. h3 Qe7 32. Rb1 Qe5 33. Qf3 Qf5
34. Qb3 Qe6 35. Qg3 Qd5 36. Bf6 Qf7 37. Bc3 Qd5 38. Qf4 Qf5 39. Qxf5 gxf5 40.
b5 Ne7 41. bxa6 bxa6 42. Rb7 Kg8 43. Ra7 Nd5 44. Bd4 Re4 45. Bc5 Rc4 46. Bd6
Rc6 47. Be5 Nf6 48. Kh2 h4 49. Bxf6 Rxf6 50. g3 hxg3+ 51. Kxg3 Rg6+ 52. Kf4 Rh6
53. Kxf5 Rxh3 54. Kg6 Rf3 55. Rxa6 1/2-1/2

[Event "Lliga Catalana eq. DH"]
[Site "?"]
[Date "2014.01.25"]
[Round "?"]
[White "Alonso Garcia, R."]
[Black "Pham Guerrero, S."]
[Result "1/2-1/2"]
[WhiteElo "2423"]
[BlackElo "2304"]
[PlyCount "49"]
[EventDate "2014.??.??"]
[EventType "team"]
[EventCountry "ESP"]

1. e4 c5 2. Nf3 d6 3. d4 cxd4 4. Nxd4 Nf6 5. Nc3 g6 6. Be3 Bg7 7. f3 a6 8. Qd2
Nbd7 9. a4 b6 10. Nd5 Bb7 11. c4 Rc8 12. a5 bxa5 13. Qxa5 Qxa5+ 14. Rxa5 e6 15.
Nxf6+ Bxf6 16. Be2 O-O 17. O-O d5 18. cxd5 exd5 19. Bxa6 Bxa6 20. Rxa6 dxe4 21.
fxe4 Bg7 22. Nc6 Rfe8 23. Rc1 Kf8 24. Rd1 Rxe4 25. Rxd7 1/2-1/2

[Event "Lliga Catalana eq. DH"]
[Site "?"]
[Date "2014.03.29"]
[Round "?"]
[White "Arias Boo, G."]
[Black "Jose Abril, R."]
[Result "1-0"]
[WhiteElo "2392"]
[BlackElo "2397"]
[PlyCount "144"]
[EventDate "2014.??.??"]
[EventType "team"]
[EventCountry "ESP"]

1. d4 Nf6 2. c4 e6 3. Nf3 c5 4. e3 d5 5. cxd5 exd5 6. Nc3 Nc6 7. Be2 Bd6 8.
dxc5 Bxc5 9. O-O O-O 10. a3 a6 11. Qc2 Ba7 12. Rd1 Qd6 13. Qa4 Bd7 14. Qh4 Ne7
15. Bd3 Ng6 16. Bxg6 fxg6 17. h3 h6 18. Qb4 Qxb4 19. axb4 g5 20. Ne5 Be6 21.
Ne2 Bb8 22. Nd3 g4 23. Ndf4 Bf7 24. hxg4 Nxg4 25. f3 Nf6 26. Nd3 Bd6 27. Bd2
Rac8 28. Rdc1 Nd7 29. Nd4 Rfe8 30. b5 axb5 31. Nxb5 Bb8 32. Nd4 Nf6 33. Nc5 b6
34. Ncb3 Nd7 35. Rxc8 Rxc8 36. Bc3 g6 37. Nb5 Ne5 38. N3d4 Nc4 39. Kf2 Be8 40.
Na3 Nd6 41. Bd2 Kf7 42. Rc1 Rxc1 43. Bxc1 h5 44. Nac2 Nb5 45. Nxb5 Bxb5 46. Nd4
Bd7 47. Bd2 Bd6 48. Bc3 Ke7 49. Ne2 Bf5 50. Bd4 Bc5 51. Nc3 Kd6 52. Kg3 g5 53.
Kf2 g4 54. Kg3 gxf3 55. gxf3 Bd7 56. Ne2 Kc6 57. Kh4 Be8 58. Kg3 Kb5 59. f4 Kc4
60. f5 Kb3 61. f6 Bxd4 62. Nxd4+ Kxb2 63. Nf5 Kc3 64. Nd6 Bg6 65. Kh4 b5 66.
Nxb5+ Kd3 67. Nd6 Kxe3 68. Kg5 h4 69. Nf5+ Kf3 70. Nxh4+ Ke3 71. Kxg6 d4 72.
Nf5+ Ke4 1-0

[Event "Lliga Catalana eq. DH"]
[Site "?"]
[Date "2014.03.29"]
[Round "?"]
[White "Asensio Liñan, T."]
[Black "Gual Pascual, A."]
[Result "0-1"]
[WhiteElo "2278"]
[BlackElo "2516"]
[PlyCount "62"]
[EventDate "2014.??.??"]
[EventType "team"]
[EventCountry "ESP"]

1. d4 g6 2. e4 Bg7 3. Nc3 d6 4. Be3 a6 5. Nf3 b5 6. a4 b4 7. Nb1 Bb7 8. Bc4 Nf6
9. Qd2 Bxe4 10. Qxb4 Bxf3 11. gxf3 O-O 12. a5 Qc8 13. Nd2 c5 14. dxc5 Nc6 15.
Qa3 d5 16. Be2 Nd7 17. Nb3 d4 18. Bd2 Qb7 19. h4 Rab8 20. h5 d3 21. Bxd3 Nce5
22. hxg6 Nxd3+ 23. cxd3 fxg6 24. Qa4 Ne5 25. Nd4 Qxb2 26. Qa2+ Qxa2 27. Rxa2
Rb1+ 28. Ke2 Rxh1 29. Ne6 Nxf3 30. Ra4 Rh4 31. Rxh4 Nxh4 0-1

[Event "Lliga Catalana eq. DH"]
[Site "?"]
[Date "2014.03.29"]
[Round "?"]
[White "Asis Gargatagli, H."]
[Black "Lorenzo de la Riva, L."]
[Result "1/2-1/2"]
[WhiteElo "2514"]
[BlackElo "2502"]
[PlyCount "110"]
[EventDate "2014.??.??"]
[EventType "team"]
[EventCountry "ESP"]

1. e4 c5 2. Nf3 Nc6 3. Nc3 d6 4. d4 cxd4 5. Nxd4 Nf6 6. Bg5 e6 7. Qd2 a6 8.
O-O-O Bd7 9. f3 Rc8 10. Nxc6 Bxc6 11. Kb1 b5 12. Ne2 Be7 13. h4 h6 14. Be3 Nd7
15. Nd4 Bb7 16. g4 d5 17. Bh3 Ne5 18. g5 Nc4 19. Qe2 Nxe3 20. Qxe3 Bc5 21. g6
Bxd4 22. gxf7+ Kxf7 23. Rxd4 Re8 24. e5 Rc4 25. Rf4+ Rxf4 26. Qxf4+ Kg8 27. Rg1
Kh8 28. Bf1 Rf8 29. Qg4 Qe7 30. Bd3 Qf7 31. f4 Bc8 32. a3 Bd7 33. Qg3 Rg8 34.
c3 Be8 35. Bc2 Qh5 36. Qd3 g6 37. Qg3 Bf7 38. Qf2 Rf8 39. Bd1 Qf5+ 40. Bc2 Qh5
41. Bd3 Bg8 42. Qg3 Bh7 43. Ka2 a5 44. Kb1 b4 45. axb4 axb4 46. cxb4 g5 47.
hxg5 hxg5 48. Bxh7 Qxh7+ 49. Ka2 g4 50. f5 Rxf5 51. Qxg4 Qa7+ 52. Kb1 Qh7 53.
Ka2 Qa7+ 54. Kb1 Qh7 55. Ka2 Qa7+ 1/2-1/2

[Event "Lliga Catalana eq. DH"]
[Site "?"]
[Date "2014.03.29"]
[Round "?"]
[White "Bofill Mas, A."]
[Black "Garcia Pichon, E."]
[Result "1-0"]
[WhiteElo "2420"]
[BlackElo "2260"]
[PlyCount "80"]
[EventDate "2014.??.??"]
[EventType "team"]
[EventCountry "ESP"]

1. c4 e6 2. g3 d5 3. Bg2 c5 4. Nf3 Nc6 5. cxd5 exd5 6. d4 Nf6 7. O-O Be7 8. Nc3
O-O 9. b3 Ne4 10. Bb2 Bf6 11. Na4 b5 12. Nxc5 Nxc5 13. Rc1 Nxb3 14. axb3 Ne7
15. Ba3 Re8 16. Ne5 Nf5 17. e3 Be6 18. Nd3 a5 19. Bc5 Nd6 20. Bxd6 Qxd6 21. Rc5
Qd7 22. Qc2 a4 23. bxa4 bxa4 24. Qa2 Red8 25. Rfc1 Be7 26. Ne5 Qe8 27. R5c2 Bf6
28. Nc6 Rd6 29. Nb4 Qb5 30. Qa3 Be7 31. Rc5 Qb7 32. Qc3 Rd7 33. Nc6 Qb3 34.
Nxe7+ Rxe7 35. Qxb3 axb3 36. Rb5 h5 37. Rxb3 h4 38. gxh4 Ra5 39. h3 Kh7 40.
Rbc3 Kg6 1-0

[Event "Lliga Catalana eq. DH"]
[Site "?"]
[Date "2014.03.29"]
[Round "?"]
[White "Bruned Segura, M."]
[Black "Gonzalez Garcia, M."]
[Result "0-1"]
[WhiteElo "2241"]
[BlackElo "2328"]
[PlyCount "102"]
[EventDate "2014.??.??"]
[EventType "team"]
[EventCountry "ESP"]

1. e4 c5 2. Nf3 e6 3. c3 Nf6 4. e5 Nd5 5. d4 cxd4 6. cxd4 d6 7. Nc3 Nxc3 8.
bxc3 Qc7 9. Bd2 Nd7 10. Qa4 Be7 11. Bd3 b6 12. Be4 Bb7 13. exd6 Bxd6 14. Qc2
Rc8 15. O-O Nf6 16. Qa4+ Bc6 17. Bxc6+ Qxc6 18. Qxc6+ Rxc6 19. Rfc1 O-O 20.
Rab1 Rfc8 21. Rb3 Rc4 22. g3 Nd5 23. a3 a6 24. Kf1 b5 25. Ke2 Nb6 26. Kd1 f6
27. Ng1 Kf7 28. Ne2 g5 29. Be3 h6 30. Ra1 Ra4 31. Bc1 Kg6 32. Kc2 Kf5 33. Kd3
Rd8 34. Ra2 Kg6 35. Rc2 Nc4 36. Ra2 Be7 37. Kc2 Kf5 38. Ra1 Kg4 39. Ng1 Bd6 40.
Bb2 Na5 41. Rb4 Bxb4 42. cxb4 Rc8+ 43. Kb1 Nb3 44. Ra2 a5 45. h3+ Kf5 46. Ne2
axb4 47. axb4 Nd2+ 48. Ka1 Rca8 49. g4+ Kg6 50. Nc3 Rxa2+ 51. Nxa2 Ne4 0-1